[Event "Rishon Le Ziyyon-ch U18"]
[Site "Rishon Le Ziyyon"]
[Date "2023.03.30"]
[Round "3"]
[White "Beeri, Yehuda"]
[Black "Gurevich, Neria"]
[Result "0-1"]
[WhiteElo "1164"]
[BlackElo "1703"]
[PlyCount "86"]
[EventDate "2023.03.28"]
[EventType "swiss"]
[EventRounds "9"]
[EventCountry "ISR"]
[SourceTitle "CBM 213 Extra"]
[Source "ChessBase"]
[SourceDate "2023.05.31"]
[SourceVersion "1"]
[SourceVersionDate "2023.05.31"]
[SourceQuality "1"]

1. e4 c5 2. Nf3 e6 3. d4 cxd4 4. Nxd4 Nf6 5. Nc3 Nc6 6. Nxc6 bxc6 7. e5 Nd5 8. Ne4 Qc7 9. f4 Qb6 10. c4 Ne3 11. Qd3 Bb4+ 12. Ke2 Nxc4 13. Kf3 Ba6 14. Qc2 Qd4 15. Bxc4 Qxc4 16. Qxc4 Bxc4 17. Bd2 Be7 18. Bc3 0-0 19. g4 f5 20. exf6 gxf6 21. Rhg1 d5 22. Nd2 Ba6 23. Nb3 e5 24. Rae1 e4+ 25. Kg3 c5 26. Rg2 Bd3 27. Rd2 d4 28. Ba5 Bd6 29. Nc1 Bb1 30. b3 e3 31. Rb2 Bg6 32. Kf3 Rfe8 33. f5 Bf7 34. Nd3 Rac8 35. Nf4 Bxf4 36. Kxf4 c4 37. bxc4 Rxc4 38. Kg3 d3 39. Rbb1 d2 40. Bxd2 exd2 41. Rxe8+ Bxe8 42. Rd1 Rd4 43. Kf2 Ba4 0-1